2025/26 Máximos Goleadores de LaLiga - Estadísticas

Estadísticas generales
  • Esta prueba ha sido intentada 13 veces
  • La puntuación promedio es 13 de 16
Estadísticas de respuestas
año Team Country Goalscorer % Correcto
16 FC Barcelona Spain Ferran Torres
100%
25 Real Madrid France Kylian Mbappé
100%
16 FC Barcelona Spain Lamine Yamal
100%
13 FC Barcelona Brazil Raphinha
92%
14 FC Barcelona Poland Robert Lewandowski
92%
23 RCD Mallorca Kosovo Vedat Muriqi
92%
16 Real Madrid Brazil Vinícius Júnior
92%
13 Atlético Madrid Norway Alexander Sørloth
85%
17 CA Osasuna Croatia Ante Budimir
85%
15 Real Sociedad Spain Mikel Oyarzabal
85%
11 Real Betis Balompié Colombia Cucho Hernández
77%
13 Villarreal CF Georgia Georges Mikautadze
69%
14 RC Celta de Vigo Spain Borja Iglesias
62%
11 Levante UD Spain Carlos Espí
62%
14 Deportivo Alavés Spain Toni Martínez
62%
11 Deportivo Alavés Argentina Lucas Boyé
54%
No se encontraron pruebas coincidentes
Distribución de puntuación
Porcentaje de gente con cada puntuación
Porcentaje por número respondido
Historial de tus puntuaciones
No has intentado esta prueba.